MARC

LEADER 00000nas a2200000 a 4500
001 ssj0003126
003 WaSeSS
005 20200512172242.0
006 m d
007 cr n
008 030324c19949999miuqr pss 0 a0eng c
010 |a  2009247640 
022 |a 2169-415X  |y 1071-5568 
035 |a (WaSeSS)ssj0003126 
040 |a GYG  |b eng  |c GYG  |d OCLCQ  |d HUA  |d OCLCQ  |d BUF  |d DLC  |d OCLCQ  |d OCLCF  |d CO3  |d OCLCQ  |d Z5A  |d OCLCO  |d OCLCA  |d AU@  |d OCLCO  |d WYU  |d VT2  |d UUM  |d WaSeSS 
042 |a pcc  |a nsdp 
050 4 |a RT86.54  |b .J68 
060 4 |a W1  |b JO612DEK 
082 1 0 |a 610  |2 15 
082 0 4 |a 610.73  |b J8 C9 
130 0 |a Journal of cultural diversity (Online) 
222 0 |a Journal of cultural diversity  |b (Online) 
245 1 0 |a Journal of cultural diversity  |h [electronic resource]. 
246 1 3 |a JCD 
260 |a Lisle, Ill. :  |b Tucker Publications 
310 |a Quarterly 
362 1 |a Print began with vol. 1, no. 1 (winter 1994). 
506 |a License restrictions may limit access. 
538 |a Mode of access: World Wide Web. 
588 |a Description based on print version record. 
588 |a Latest issue consulted: Vol. 19, no. 1 (spring 2012) (Proquest site, viewed Aug. 24, 2012). 
650 0 |a Transcultural nursing  |v Periodicals. 
650 0 |a Transcultural medical care  |v Periodicals. 
650 0 |a Cultural pluralism  |v Periodicals. 
650 7 |a Cultural pluralism.  |2 fast  |0 (OCoLC)fst01715991 
650 7 |a Transcultural medical care.  |2 fast  |0 (OCoLC)fst01154565 
650 7 |a Transcultural nursing.  |2 fast  |0 (OCoLC)fst01154567 
650 2 |a Cross-Cultural Comparison  |v Periodicals. 
650 2 |a Transcultural Nursing  |v Periodicals. 
655 0 |a Electronic journals. 
776 0 8 |i Print version:  |t Journal of cultural diversity  |x 1071-5568  |w (DLC) 94655044  |w (OCoLC)28678808 
856 4 0 |z Full text available from Research Library: 12/01/1998 to present  |u https://search.proquest.com/publication/34124